000 00814nam a2200277 i 4500
001 15536
003 BD-RjUL
005 20211208235834.0
008 140210s1980 nyua b 001 0 eng
020 _a0534248667
035 _a(BD-RjUL)15591
040 _aDLC
_cDLC
_dDLC
_dBD-RjUL
_beng
041 _aeng
082 0 0 _a658.15
_bTAM 1980
100 1 _aTaylor, George A.
_948229
245 1 0 _aManagerial and engineering economy :
_beconomic decision-making /
_cGeorge A. Taylor.
250 _a3d ed.
260 _aNew York :
_bVan Nostrand,
_cc1980.
300 _axv, 538 p. :
_bill. ;
_c24 cm.
504 _aBibliography: p. 482-485. and index.
650 0 _aManagerial economics.
_948230
650 0 _aEngineering economy.
_948231
942 _2ddc
_cBK
999 _c15536
_d15536